00846nam a2200277 a 450000100060000000300080000600500170001400800410003103500200007203500200009203500170011204000270012904100080015608200220016410000340018624500560022026000590027630000290033549000400036450000280040450400300043265000140046265000320047674000190050883000410052751086BD-RjUL20211209075616.0160829t19651951njua b 001 0 eng d a(BD-RjUL) 51206 a(OCoLC)03902306 aGLIS00269231 aIARcIARdBD-RjULbeng aeng 223a514bSTT 19651 aSteenrod, Norman d1910-1971.14aThe topology of fibre bundles /cNorman, Steenrod  aPrinceton :bPrinceton University,c1951[Printing1965] a229 p. :bill. ;c24 cm.1 aPrinceton mathematical series ;v14 aAppendix added in 1957. aBibliography: p. 223-227. 0aTopology. 0aFiber bundles (Mathematics)0 aFibre bundles. 0aPrinceton mathematical series ;v14.